عرض عادي
عرض مارك
- Hydrogen as fuel.
مدخل مصطلح موضوعي
001 - رقم الضبط
- حقل الضبط: 39961
003 - معرف رقم الضبط
- حقل الضبط: OSt
005 - تاريخ ووقت أخر عملية
- حقل الضبط: 20131116161644.0
008 - عناصر بيانات ثابتة الطول
- حقل تحكم ثابت الطول: 131116|||a|||||| | ||| d
040 ## - مصدر الفهرسة
- هيئة الفهرسة الأصلية: OSt
- وكالة الكتابة: OSt
150 ## - مدخل-- مصطلح تاريخي
- عنصر مدخل المصطلح الموضوعي او الاسم الجغرافي: Hydrogen as fuel.
670 ## - بيانات المصدر موجوده
- الاستشهاد بالمصدر: Work cat.: (OSt)0: Bo, Yu, 1975- 39960, High temperature electrolysis in large-scale hydrogen production /, c2010.
